|
|
|
|
| LEADER |
00000cam a22000002c 4500 |
| 001 |
1866915797 |
| 003 |
DE-627 |
| 005 |
20250122054912.0 |
| 007 |
cr uuu---uuuuu |
| 008 |
231021s2012 xx |||||o 00| ||eng c |
| 035 |
|
|
|a (DE-627)1866915797
|
| 035 |
|
|
|a (DE-599)KXP1866915797
|
| 040 |
|
|
|a DE-627
|b ger
|c DE-627
|e rda
|
| 041 |
|
|
|a eng
|
| 084 |
|
|
|a 2,1
|2 ssgn
|
| 100 |
1 |
|
|a McQueen, Deon LaRue
|e VerfasserIn
|4 aut
|
| 245 |
1 |
4 |
|a The individual and collective consequences of mass incarceration in the African American community
|
| 264 |
|
1 |
|c 2012
|
| 336 |
|
|
|a Text
|b txt
|2 rdacontent
|
| 337 |
|
|
|a Computermedien
|b c
|2 rdamedia
|
| 338 |
|
|
|a Online-Ressource
|b cr
|2 rdacarrier
|
| 520 |
|
|
|a While over time the terms of reference (e.g., Negro, Colored, Black, African American, Afrikan) have changed, the degraded cast status of Black people has been an immutable constant. For the purpose of this paper, African American and Black will be used interchangeably. No other minority ethnicity, has attempted to assimilate into White American culture more than African Americans. African Americans carry European names, speak the language (opposed to speaking native ancestors’ languages), and also share many of the same religious beliefs. Yet the stigmatization of blacks as an inferior race remains constant. Today the words African American and criminal are used synonymously
|
| 856 |
4 |
0 |
|u https://core.ac.uk/download/268101723.pdf
|x Verlag
|z kostenfrei
|3 Volltext
|7 0
|
| 935 |
|
|
|a mkri
|
| 951 |
|
|
|a BO
|
| ELC |
|
|
|a 1
|
| LOK |
|
|
|0 000 xxxxxcx a22 zn 4500
|
| LOK |
|
|
|0 001 4394725852
|
| LOK |
|
|
|0 003 DE-627
|
| LOK |
|
|
|0 004 1866915797
|
| LOK |
|
|
|0 005 20231021043627
|
| LOK |
|
|
|0 008 231021||||||||||||||||ger|||||||
|
| LOK |
|
|
|0 035
|a (DE-2619)CORE77296137
|
| LOK |
|
|
|0 040
|a DE-2619
|c DE-627
|d DE-2619
|
| LOK |
|
|
|0 092
|o n
|
| LOK |
|
|
|0 852
|a DE-2619
|
| LOK |
|
|
|0 852 1
|9 00
|
| LOK |
|
|
|0 935
|a core
|
| LOK |
|
|
|0 939
|a 21-10-23
|b l01
|
| OAS |
|
|
|a 1
|
| ORI |
|
|
|a SA-MARC-krimdoka001.raw
|